01395cam a22003014a 45000010009000000050017000090080041000260100017000670200027000840400018001110420008001290430012001370500024001490820022001731000021001952450046002162500012002622600030002743000034003044400031003385040068003695050371004376500050008089060045008589420036009039990017009399520137009561359219920160713120659.0040513s2005 nyua b 001 0 eng  a 2004011249 a1404202501 (lib. bdg.) aDLCcDLCdDLC apcc an-us---00aLB1775.2b.H43 200500a371.1/0023/732221 aHeaton, Barrett.10aCareers in teaching /cJ. Barrett Heaton. a1st ed. aNew York :bRosen,c2005. a144 p. :bcol. ill. ;c24 cm. 0aCareers in the new economy aIncludes bibliographical references (p. [140]-[141]) and index.0 aConsidering a career in teaching -- What you can do to start today -- The wide array of opportunities in teaching -- Different levels of education -- Different places, different schools -- Choosing a content area -- Different theories in education -- Going to school to become a teacher -- Weighing the costs and benefits of teaching -- Areas of demand for teachers. 0aTeachingxVocational guidancezUnited States. a7bcbccorignewd1eecipf20gy-gencatlg 2lcccBOOKShLB 1775.2 .H43 2005 c11986d11986 00102lcc4070aMUCbMUCcREFd2016-07-13eDonation (BFA)l1oLB 1775.2 .H43 2005p21141r2016-10-01s2016-09-16w2016-07-13yBOOKS